Central Library OPAC University of Rajshahi

Global mind change : (Record no. 33712)

MARC details
000 -LEADER
fixed length control field 01040nam a2200301 a 4500
001 - CONTROL NUMBER
control field 33712
003 - CONTROL NUMBER IDENTIFIER
rucl marc code BD-RjUL
005 - DATE AND TIME OF LATEST TRANSACTION
control field 20211209052040.0
008 - FIXED-LENGTH DATA ELEMENTS--GENERAL INFORMATION
fixed length control field 140511s1988 nyua b 001 0 eng d
020 ## - INTERNATIONAL STANDARD BOOK NUMBER
International Standard Book Number 0446391476 :
035 ## - SYSTEM CONTROL NUMBER
System control number (BD-RjUL)33803
040 ## - CATALOGING SOURCE
Original cataloging agency DLC
Transcribing agency DLC
Modifying agency DLC
-- BD-RjUL
Language of cataloging eng
041 ## - LANGUAGE CODE
Language code of text/sound track or separate title eng
082 00 - DEWEY DECIMAL CLASSIFICATION NUMBER
Classification number 303.4
Edition number 20
Author mark and year HAG 1988
100 1# - MAIN ENTRY--PERSONAL NAME
Personal name Harman, Willis W.
9 (RLIN) 102366
245 10 - TITLE STATEMENT
Title Global mind change :
Remainder of title the new age revolution in the way we think /
Statement of responsibility, etc. Willis Harman.
250 ## - EDITION STATEMENT
Edition statement Warner Books ed.
260 ## - PUBLICATION, DISTRIBUTION, ETC. (IMPRINT)
Place of publication, distribution, etc. New York, NY :
Name of publisher, distributor, etc. Warner Books,
Date of publication, distribution, etc. c1988.
300 ## - PHYSICAL DESCRIPTION
Pagination 186 p. :
Illustrations ill. ;
Size 21 cm.
500 ## - GENERAL NOTE
General note Originally published: 1st ed. : Indianapolis, Ind. : Knowledge Systems, c1988.
504 ## - BIBLIOGRAPHY, ETC. NOTE
Bibliography, etc Includes bibliographical references (p. 171-174) and index.
650 #0 - SUBJECT ADDED ENTRY--TOPICAL TERM
Topical term or geographic name as entry element Social change.
9 (RLIN) 102367
Topical term or geographic name as entry element Attitude change.
9 (RLIN) 7284
856 42 - ELECTRONIC LOCATION AND ACCESS
Materials specified Publisher description
Uniform Resource Identifier <a href="http://www.loc.gov/catdir/enhancements/fy0914/89021492-d.html">http://www.loc.gov/catdir/enhancements/fy0914/89021492-d.html</a>
942 ## - ADDED ENTRY ELEMENTS (KOHA)
Source of classification or shelving scheme Dewey Decimal Classification
Koha item type Books
Holdings
Lost status Source of classification or shelving scheme Damaged status Not for loan Collection code Permanent Location Current Location Shelving location Date acquired Source of acquisition Cost, normal purchase price Total Checkouts Full call number Date last seen Copy number Koha item type
  Dewey Decimal Classification     Non-fiction Central Library, University of Rajshahi Central Library, University of Rajshahi   23/09/2000 Asia foundation 0.00   303.4 HAG 1988 11/05/2014 C-5 Books
  Dewey Decimal Classification   Not For Loan   Central Library, University of Rajshahi Central Library, University of Rajshahi Reading Room 03/03/1998 Unicef 0.00   303.4 HAG 1988 11/05/2014 C-1 Books
  Dewey Decimal Classification     Non-fiction Central Library, University of Rajshahi Central Library, University of Rajshahi   22/08/1998 Unicef     303.4 HAG 1988 11/05/2014 C-4 Books
  Dewey Decimal Classification     Non-fiction Central Library, University of Rajshahi Central Library, University of Rajshahi   22/08/1998 Unicef     303.4 HAG 1988 11/05/2014 C-7 Books
  Dewey Decimal Classification     Non-fiction Central Library, University of Rajshahi Central Library, University of Rajshahi   23/09/2000 Asia foundation 0.00   303.4 HAG 1988 17/05/2014 C-6 Books
  Dewey Decimal Classification     Non-fiction Central Library, University of Rajshahi Central Library, University of Rajshahi   22/08/1998 Unicef     303.4 HAG 1988 03/08/2016 C-2 Books
  Dewey Decimal Classification     Non-fiction Central Library, University of Rajshahi Central Library, University of Rajshahi   22/08/1998 Unicef     303.4 HAG 1988 03/08/2016 C-3 Books